Star Trek: Kommandanten der Enterprise - Statistiken

Allgemein
  • Dieses Quiz wurde 247 mal gespielt
    234 seit der letzten Aktualisierung
  • Das Durchschnittsergebnis liegt bei 8 aus 15
Antwortstatistiken
Hint Antwort % Korrekt
2265-2270 2273-2278 2285 James Tiberius Kirk
98%
2286-2293 James Tiberius Kirk
98%
2364-2371 Jean-Luc Picard
98%
Jean-Luc Picard
98%
Jonathan Archer
74%
2250-2265 Christopher Pike
71%
2366 William Thomas Riker
71%
2278-2285 Spock
66%
Seven of Nine
22%
2270-2273 Willard Decker
15%
Elizabeth Shelby
13%
2369 Edward Jellico
12%
2245-2250 Robert April
12%
Rachel Garrett
11%
John Harriman
8%
Keine übereinstimmenden Quizze gefunden
Verteilung der Resultate
Anzahl Personen mit jedem Resultat
Perzentil nach korrekt beantworteten Fragen
Ihre Resultats-Entwicklung
Sie haben dieses Quiz seit der letzten Aktualisierung nicht gespielt